| 000 | 00507nam a22001817a 4500 | ||
|---|---|---|---|
| 003 | CEME | ||
| 005 | 20210628210652.0 | ||
| 008 | 210211b xxu||||| |||| 00| 0 eng d | ||
| 020 | _a81-7554-005-2 | ||
| 040 | _c. | ||
| 082 | _a658.409 FIS | ||
| 100 |
_aFisher, Martin _980438 |
||
| 245 | _aHow to reward your staff a guide to obtaining better performance through the reward system | ||
| 260 |
_aNEW DELHI _bKOGAN PAGE _c1996 |
||
| 300 | _a135P | ||
| 650 |
_aREWARD YOUR STAFF _980439 |
||
| 942 |
_cBK _2ddc |
||
| 999 |
_c585372 _d585372 |
||